|
|
|
|
| LEADER |
00000nab#a22000007a#4500 |
| 001 |
arbauad029803 |
| 003 |
AR-BaUAD |
| 005 |
20250711112415.0 |
| 008 |
980205|||||||||###||||||b###|0###a|spa|| |
| 040 |
|
|
|a AR-BaUAD
|c AR-BaUAD
|b spa
|
| 100 |
|
|
|a Soltek, Stefan
|
| 245 |
|
|
|a Guido Sieber :
|b pictures for and without words /
|c Stefan Soltek;
|
| 300 |
0 |
|
|b il.
|
| 653 |
|
|
|a ILUSTRACIONES
|
| 653 |
|
|
|a ILUSTRACION
|
| 653 |
|
|
|a ILUSTRADORES
|
| 653 |
|
|
|a ARTISTAS
|
| 653 |
|
|
|a ARTES PLASTICAS
|
| 653 |
|
|
|a SIEBER, GUIDO
|
| 653 |
|
|
|a ALEMANIA
|
| 773 |
0 |
|
|t NOVUM
|g [dic. 1996], p. 42-47
|
| 942 |
|
|
|c ARTI
|
| 952 |
|
|
|0 0
|1 0
|4 0
|7 0
|9 74722
|a AR-BAuAD
|b AR-BAuAD
|d 2025-07-11
|l 0
|p AAQA029803
|r 2025-07-11 11:24:15
|w 2025-07-11
|y ARTI
|
| 990 |
|
|
|a A199
|b TD
|
| 990 |
|
|
|a DG199
|b TD
|
| 998 |
|
|
|a AAQ
|b BIBUN76
|
| 999 |
|
|
|c 54395
|d 54395
|